000 00264nam a2200097Ia 4500
001 639998
005 20250826153438.0
008 250824s9999 xx 000 0 und d
245 0 _aAFACAN 5 LER 5 KARAVANLA TATİLDE/E BLYTON/ARTEMİS
_cENID BLYTON
260 _bARTEMİS
999 _c639998
_d639998